00525nmm a2200157Ia 4500008004100000020001800041041000800059100002600067245006600093264005500159300001800214650003000232700002600262700002800288856005100316251105s9999||||xx |||||||||||||||||und|| a9789560105400 aspa aCastro-Serrano, Borja 0aImaginarios de transformación: el Trabajo Social revisitado a[Santiago de Chile, Chile] :bRil editores, c2018 a300 páginas aSocial Sciences (General) aCastro-Serrano, Borja1 a Flotts, Marcela (eds.) uhttps://public.digitaliapublishing.com/a/65331